|
|
|
|
| LEADER |
00000nlm0a2200000 4500 |
| 001 |
637273 |
| 005 |
20240124094616.0 |
| 029 |
1 |
0 |
|a RU
|b 2474012
|c Пат.
|d МПК H03 K 12/00
|
| 035 |
|
|
|a (RuTPU)RU\TPU\network\1373
|
| 035 |
|
|
|a RU\TPU\network\1304
|
| 039 |
0 |
|
|a RU
|b 2011128214/07
|c 20110707
|
| 090 |
|
|
|a 637273
|
| 100 |
|
|
|a 20140618j20130127k y0rusy50 ca
|
| 101 |
0 |
|
|a rus
|
| 102 |
|
|
|a RU
|
| 105 |
|
|
|a a k 000zy
|
| 135 |
|
|
|a drcn ---uucaa
|
| 181 |
|
0 |
|a i
|
| 182 |
|
0 |
|a b
|
| 200 |
1 |
|
|a Резонансный СВЧ компрессор
|f С. Н. Артеменко [и др.]
|g Национальный исследовательский Томский политехнический университет (ТПУ)
|
| 203 |
|
|
|a Текст
|c электронный
|
| 300 |
|
|
|a опубл. 27.01.13
|
| 330 |
|
|
|a Изобретение относится к области радиотехники и может быть использовано для формирования мощных СВЧ импульсов наносекундной длительности. Компрессор содержит одномодовый коаксиальный резонатор с короткозамыкателями, элементы ввода и вывода энергии, СВЧ коммутатор и емкость, которая является разрядным промежутком СВЧ коммутатора и образована разрывом внутреннего проводника резонатора. Резонатор выполнен симметричным. Элемент ввода расположен в центре резонатора, а элемент вывода выполнен в виде двух коаксиальных выходных тройников, лежащих в одной плоскости с элементом ввода и включенных симметрично в короткозамкнутые плечи резонатора, по одному в каждое плечо, и к боковым плечам выходных тройников симметрично прямыми плечами подсоединен суммирующий коаксиальный тройник. Укорачивающая емкость расположена в центре резонатора и делит резонатор на две равные части, а в сочетании с выходными тройниками элемента вывода энергии - на четыре примерно равные части. Технический результат - увеличение мощности выходных сигналов.
|
| 610 |
1 |
|
|a патенты
|
| 610 |
1 |
|
|a труды учёных ТПУ
|
| 610 |
1 |
|
|a электронный ресурс
|
| 610 |
1 |
|
|a СВЧ компрессоры
|
| 610 |
1 |
|
|a резонансные компрессоры
|
| 701 |
|
1 |
|a Артеменко
|b С. Н.
|c физик
|c ведущий научный сотрудник Томского политехнического университета, доктор физико-математических наук
|f 1951-
|g Сергей Николаевич
|3 (RuTPU)RU\TPU\pers\25663
|9 11574
|
| 701 |
|
1 |
|a Августинович
|b В. А.
|c радиофизик
|c ведущий инженер Томского политехнического университета
|f 1941-
|g Владимир Андреевич
|3 (RuTPU)RU\TPU\pers\26482
|9 12184
|
| 701 |
|
1 |
|a Новиков
|b С. А.
|c специалист в области электротехники
|c профессор Томского политехнического университета, доктор физико-математических наук
|f 1949-
|g Сергей Автономович
|3 (RuTPU)RU\TPU\pers\25683
|9 11594
|
| 701 |
|
1 |
|a Юшков
|b Ю. Г.
|c электрофизик
|c профессор Томского политехнического университета, доктор технических наук
|f 1937-
|g Юрий Георгиевич
|3 (RuTPU)RU\TPU\pers\22023
|9 9320
|
| 712 |
0 |
2 |
|a Национальный исследовательский Томский политехнический университет (ТПУ)
|c (2009- )
|3 (RuTPU)RU\TPU\col\15902
|
| 801 |
|
1 |
|a RU
|b 63413507
|c 20120201
|
| 801 |
|
2 |
|a RU
|b 63413507
|c 20160608
|g RCR
|
| 856 |
4 |
|
|u http://www.fips.ru/Archive/PAT/2013FULL/2013.01.27/DOC/RUNWC1/000/000/002/474/012/document.pdf
|
| 942 |
|
|
|c CF
|